000 00722nam a2200241Ia 4500
003 OSt
005 20220918222558.0
006 a|||||r|||| 00| 0
007 ta
008 220917b |||||||| |||| 00| 0 eng d
024 _a217,313
037 _cTextual
040 _aARTS
_cARTS
_beng
041 _2eng
_aeng
082 _aO111,3:gx(Y15), N4
100 _aSpacks Patricia Meyer
_929481
245 0 _aDesire and truth
_b functions of plot in eighteenth-century english novels
260 _aChicago
_bThe university of Chicago press
_c1994
300 _a262p.
_ccm.
650 _aENGLISH LITERATURE
942 _hO111,3:gx(Y15), N4
_cTEXL
_2CC
999 _c275898
_d275898